| 000 | 01012nam0a22002651 4500 | ||
|---|---|---|---|
| 001 | rc\4889128 | ||
| 005 | 20250612202006.0 | ||
| 021 |
_aRU _b[61-78656] |
||
| 035 | _a(NLR Aleph) 008829388 | ||
| 090 |
_a8272487 _c8272487 |
||
| 100 | _a20130426d1961 |||y0rusy50 ca | ||
| 101 | 0 | _arus | |
| 102 | _aRU | ||
| 105 | _aa z |||a| | ||
| 200 | 1 |
_aПриключения маленького актера, или Повесть о кукле Петрушке и девочке Саше, об их друзьях и недругах _f[Ил.: Б. Калаушин] |
|
| 210 |
_aМосква _cДетгиз _d1961 |
||
| 215 |
_a160 с., 1 л. ил. _cил. _d21 |
||
| 225 | 1 |
_aШкольная библиотека _i[Для начальной и восьмилетней школы] |
|
| 700 | 1 |
_aЭмден _bЭ.М. _f1906-1961 _gЭсфирь Моисеевна |
|
| 702 | 1 |
_aКалаушин _bБ. _4440 |
|
| 801 | 0 |
_aRU _bNLR _gpsbo |
|
| 801 | 1 |
_aRU _bELAR _2rusmarc |
|
| 852 |
_aNLR _j61-3/5680 |
||
| 942 | _cBOOK | ||
| 980 | _aNB | ||